00915ntm a22002057a 4500008004100000040002800041082001700069100002000086245018200106260001000288300003500298500014700333590001200480650004500492653002300537700002300560942000800583999001700591952010100608170802s2012 xx a frb 000 0 eng d aEG-ScBUEbengcEG-ScBUE04222a650bIBR1 aIbrahim, Sarah.1 aGlobalisation and change the main driving forces to turn into a learning organisation; a detailed analysis of the case of multinational enterprises in Egypt /cby Sarah Ibrahim. c2012. a63 p. :bill. (col.) ;c28 cm. aA dissertation submitted in part of fulfillment of the requirements for the award of b.a in business administration, general business studies. aAishaa. 72BUEshaBusiness AdministrationvProjects bBUSADMcAugust20171 tEid, Mohamed.eths 2ddc c25185d25157 00102ddc4070aMAINbMAINc2NDd2017-08-07l0o650 IBRp000046327r2025-07-15 00:00:00yPROJST